[Event "Candidates Tournament"]
[Site "Moscow"]
[Date "2016.03.11"]
[Round "1"]
[White "Anand, Viswanathan"]
[Black "Topalov, Veselin"]
[Result "1-0"]
[WhiteElo "2762"]
[BlackElo "2780"]
[Annotator "Sagar Shah"]
[PlyCount "97"]
[EventDate "2016.03.11"]
[EventType "tourn"]
[EventRounds "14"]
[EventCountry "RUS"]
[EventCategory "22"]
[SourceTitle "CBM 172"]
[Source "ChessBase"]
[SourceDate "2016.05.12"]
[SourceVersion "1"]
[SourceVersionDate "2016.05.12"]
[SourceQuality "1"]

{In the 2014 Candidates, Vishy Anand began with a win over Levon Aronian with
1.e4 in the first round. Two years later and 2500 kilometres apart 
(Khanty-Mansisyk to Moscow), Vishy Anand sees no reason to change his strategy.
} 1. e4 e5 2. Nf3 Nc6 3. Bb5 Nf6 {Of course the Berlin - the opening that
cannot be refuted! The best way to make a solid start to a long and gruelling
14 round event.} 4. d3 {This was Vishy Anand's main weapon against the Berlin
at the Candidates 2016. He got absolutely no advantage and hence resorted to
Giuoco Piano towards the end of the tournament.} Bc5 {The interesting part
about this position is that Anand has reached it with the white pieces on 24
occasions in the past, with 15 of them continuing with Bxc6. In this game,
however, he keeps his options open and goes for 0-0.} 5. O-O d6 6. c3 O-O 7.
Nbd2 (7. d4 $6 Bb6 $5 8. Bxc6 bxc6 9. dxe5 Nxe4 $15) (7. h3 {was later tried
by Anand in his games against Caruana and Karjakin from the same tournament.
But that is another story.}) 7... Ne7 {Kramnik introduced this plan with ...
Ne7 in his game against Aronian in 2012. The idea is to take the game into
territory where the pawn structures would not be symmetrical.} 8. d4 {Now that
the d2-knight is defending the e4-pawn, Black has to cede the centre.} exd4 9.
cxd4 Bb6 {Now we have a position with quite some imbalances. White has a
beautiful central pawn duo, but Black has absolutely no problems in finding
squares for his pieces. If Vishy can develop his guys on c1 and a1, keeping
his centre intact, his position would be much better. But as we will see this
is not so easy.} 10. Re1 (10. h3 {Trying to limit the B is met with} d5 $1 11.
e5 Ne4 12. Bd3 Bf5 13. Qe2 Nc6 $132) 10... Bg4 11. h3 Bh5 {All this has been
seen many times, with Topalov himself having this position against Fabiano
Caruana in 2015 with the white pieces. But now Anand makes the first new move
of the game - the novelty!} 12. a4 $5 $146 {The idea of this move is simply to
gain more space on the queenside with a4-a5. At some point the rook may come
into the game via a3.} a6 13. Bf1 Re8 14. a5 Ba7 15. Qb3 Nc6 $1 {As Boris
Gelfand rightly pointed out in the commentary room, "Good players are always
flexible with their plans." Nc6-e7 wasn't played with the intention to return
back to c6, but Topalov sees that the position has changed since his Ne7-move.
This is the best and although it may look weird Veselin doesn't hesitate to
play it.} (15... Rb8 {is possible but is quite passive. White can continue with
} 16. Qc3 $14 {with the idea of b4 and developing the c1-bishop.}) 16. d5 (16.
Qxb7 Nxd4 17. Nxd4 Bxd4 {Looks pretty good for Black as after} 18. Bxa6 d5 $1 {
White has serious co-ordination issues.}) 16... Nd4 17. Nxd4 Bxd4 18. Qxb7 $5 {
Good or bad, this pawn had to be taken. Anand had made his previous moves with
the intention of taking on b7, so there was no backing out now.} Nd7 $1 {
A strong move by the Bulgarian. The knight not only threatens to go to c5 but
also opens the route for the queen to come to f6 or h4. White's pieces are
uncoordinated and undeveloped and the queen is looking a bit silly on b7.
Anand has to be really careful here.} 19. Nc4 $6 (19. Ra3 {was Anand's
original intention but he changed his mind at the last moment.} Qh4 {is now
met by} 20. Rae3 $1 {A completely appropriate exchange sacrifice. The bishop
on d4 is worth the rook. Anand saw this and even mentioned it in the press
conference, but during the game he changed his mind.} Nc5 21. Qxc7 f5 $1 $13 (
21... Bxe3 $6 22. Rxe3 $14 {White is better here.})) 19... Nc5 20. Qc6 {
[%csl Rf2,Rg1][%cal Gd4f2,Gd8h4,Gc5e4] A look at the position reveals that
Black has clear-cut compensation and a player of Topalov's class knows that.
However, it is one thing to know that you have compensation and quite another
to find a concrete tactical refutation. This was the moment when Black had a
chance to take the advantage but Topalov was unable to find it.} Nb3 $2 (20...
Bxf2+ $1 {This was the move that would have destroyed Anand's position.} 21.
Kxf2 Qh4+ {The rook is hanging, so g3 has to be played.} 22. g3 Nxe4+ {Once
again the knight has to be taken or else g3 falls.} 23. Rxe4 Qxe4 $17 {and
even though White has two pieces for a rook his position is pretty bad as his
king is exposed. It's not so easy to come up with a good move for White here.
E.g.} 24. Bf4 $2 {fails to} g5 $1 $19) ({Another extremely interesting idea is
the following:} 20... f6 {What is the point, you may ask? Well for starters
how do you meet the threat of trapping the white queen with Re7 and Be8. It
seems very difficult.} 21. Be3 Bxe3 22. Rxe3 Re7 $1 {Be8 is threatened and the
queen will perish. The best White can try is} 23. b4 Be8 24. Qxa8 Qxa8 25. bxc5
$44 {Black should be better here, but the position is not so easy to play due
to the material imbalance.}) 21. Rb1 Nxc1 $6 {This makes White's task easier.}
(21... f5 {creating some play was better.} 22. Be3 Rxe4 23. Nd2 Rxe3 $1 (23...
Nxd2 24. Bxd2 $14) 24. fxe3 Nxd2 25. exd4 Nxb1 26. Rxb1 $11) 22. Rbxc1 Rb8 23.
Qxa6 $16 {White is two pawns up right now. Black may regain one of them but
even then he would be in a poor position, mainly because the a5-pawn is
super-strong. Topalov had to make quite a few inferior moves to reach this
position from what he had.} Qh4 {This looks like the most natural human move
to make as it attacks both the f2- and e4-pawns.} (23... f5 $5 {could have
been a tricky move to face.} 24. exf5 $6 (24. Ne3 $1 $14) 24... Bxf2+ $1 25.
Kxf2 Qh4+ 26. g3 Qd4+ 27. Kg2 Bf7 $3 $40 {Only computers can see moves like
these!}) 24. Rc2 Rxe4 25. Ne3 $1 {Experts praised this extremely accurate move
by Vishy Anand. The knight saves the kingside and now the c7 pawn is attacked.}
(25. Rxe4 Qxe4 {gives some activity to Black, although White is still better
after} 26. Rd2 $16) 25... Qd8 26. Qc4 Bg6 27. Bd3 $1 {Once again very accurate.
} (27. Qxc7 Bxe3 $1 28. fxe3 (28. Qxd8+ Rxd8 29. fxe3 Ra4 30. Rc6 Rxa5 $16)
28... Ra4 {The rook on c2 is attacked and the pride of White's position - the
a5 pawn falls.}) 27... Rf4 28. Bxg6 hxg6 (28... Bxe3 29. Be4 $18) 29. g3 $1 (
29. Qxc7 $6 Qxc7 30. Rxc7 Rxb2 $132) 29... Re4 30. a6 Qe8 31. Rce2 {This is a
human move to make. The computer comes up with a very interesting solution.} (
31. Qxc7 $1 Bxe3 32. Rxe3 Rxe3 33. fxe3 Qxe3+ {Many players would see until
this move and reject this variation because of counterplay. But the engine
suggests} 34. Kh2 {with a completely winning position.} Rb3 35. Qd8+ Kh7 36.
Qh4+ $18) 31... Bb6 32. Qd3 Ra8 33. Kg2 (33. b4 {With the idea of b5 looked
more logical.}) 33... Qa4 34. b3 Rd4 35. bxa4 $6 (35. Qc2 {was much better as
the natural} Qxa6 {loses to the very nice tactical shot} 36. Nf5 $3 gxf5 37.
Re8+ Rxe8 38. Rxe8+ Kh7 39. Qxf5+ $18) 35... Rxd3 {White's advantage has been
reduced at this point, but still it is much more pleasant to be in Anand's
shoes than Topalov's!} 36. Nc4 Rxa6 37. a5 {This is a nice tricky solution
that Vishy came up with.} Bd4 (37... Bxa5 $2 38. Ra1 Rxd5 39. Rea2 Rc5 40. Nxa5
$16) (37... Bc5 {was much better as after} 38. Re8+ Kh7 39. R1e7 {The d5-pawn
is hanging. The same was not possible when the bishop was on d4.} Rxd5 40. Rxf7
Rf5 $11) 38. Re8+ Kh7 39. R1e7 Rc3 40. Nd2 $5 {Anand transfers his knight to
better squares after Nd2-e4.} (40. Rxc7 $1 $16) 40... Rc2 $6 (40... f5 {
prevents Ne4, but the knight can reach g5 via another route.} 41. h4 $1 $14 {
[%cal Gd2f3,Gf3g5]}) 41. Ne4 f6 {stops Ng5 but exposes the seventh rank, which
Anand takes full advantage of.} 42. h4 $1 {Stopping Black from going g5.} (42.
Rf7 g5 {was Black's idea.}) 42... Rxa5 43. Rf7 g5 44. h5 {The mating net
cannot be broken.} Rxf2+ 45. Nxf2 Ra2 46. Rff8 Rxf2+ 47. Kh3 g4+ 48. Kxg4 f5+
49. Rxf5 {A complete exchange down, there is no way to survive as Black, and
hence Topalov resigned. A game filled with lots of ups and downs.} 1-0

[Event "FRA-chT Top 12"]
[Site "Brest"]
[Date "2019.05.21"]
[Round "4.2"]
[White "Praggnanandhaa, Rameshbabu"]
[Black "Heimann, Andreas"]
[Result "1/2-1/2"]
[WhiteElo "2536"]
[BlackElo "2627"]
[Annotator "Sagar Shah"]
[PlyCount "133"]
[EventDate "2019.05.18"]
[EventType "team-tourn"]
[EventRounds "11"]
[EventCountry "FRA"]
[SourceTitle "CBM 190 Extra"]
[Source "ChessBase"]
[SourceDate "2019.07.15"]
[SourceVersion "1"]
[SourceVersionDate "2019.07.15"]
[SourceQuality "1"]
[WhiteTeam "Cannes"]
[BlackTeam "Mulhouse"]
[WhiteTeamCountry "FRA"]
[BlackTeamCountry "FRA"]
[TimeControl "40/5400+30:1800+30"]

1. e4 {[%emt 0:00:07] Praggnanandhaa has until now played against three
players above his Elo - Van Foreest (2601), Santos Ruiz (2549) and Heimann 
(2627) and has drawn all his games} e5 {[%emt 0:00:00]} 2. Nf3 {[%emt 0:00:04]}
Nc6 {[%emt 0:00:00]} 3. Bb5 {[%emt 0:00:05]} Nf6 {[%emt 0:00:00]} 4. d3 {
[%emt 0:00:09]} Bc5 {[%emt 0:00:01]} 5. c3 {[%emt 0:00:05]} O-O {[%emt 0:00:23]
} 6. O-O {[%emt 0:00:13]} d6 {[%emt 0:00:21]} 7. Ba4 {[%emt 0:00:14]} (7. Nbd2
Ne7 8. d4 exd4 9. cxd4 Bb6 10. Re1 Bg4 11. Qb3 d5 12. e5 Nd7 13. h3 Bh5 14. Qd1
f6 15. e6 Nb8 16. g4 Bg6 17. Nf1 Qd6 18. Ng3 Nbc6 19. Bxc6 bxc6 20. a4 Ba5 21.
Bd2 Bxd2 22. Qxd2 Rab8 23. Rac1 Qb4 24. Qxb4 Rxb4 25. Nh4 Rxa4 26. Ngf5 Bxf5
27. Nxf5 Re8 28. Nxe7+ Rxe7 29. Rxc6 Rxd4 30. Ra1 Re4 31. Rxa7 R4xe6 32. Rxe6
Rxe6 33. Rxc7 Rb6 34. Rd7 Rxb2 35. Rxd5 {1/2-1/2 (35) Vachier Lagrave,M (2780)
-So,W (2754) Abidjan 2019}) 7... Ne7 {[%emt 0:01:08]} 8. Bc2 {[%emt 0:01:29]}
Ng6 {[%emt 0:01:23]} 9. d4 {[%emt 0:00:30]} Bb6 {[%emt 0:00:05]} 10. a4 {
[%emt 0:00:13]} c6 {[%emt 0:00:06]} 11. dxe5 {[%emt 0:00:18]} Nxe5 {[%emt 0:01:
14]} 12. Nxe5 {[%emt 0:00:10]} dxe5 {[%emt 0:00:05]} 13. Qxd8 {[%emt 0:00:33]}
Rxd8 {[%emt 0:01:07]} 14. a5 {[%emt 0:01:03]} Bc5 {[%emt 0:02:23]} 15. Nd2 {
[%emt 0:00:39]} Be6 {[%emt 0:07:37]} 16. Re1 {[%emt 0:00:30]} Ne8 $146 {
[%emt 0:09:36]} (16... b5 17. Nb3 Bxb3 18. Bxb3 Ng4 19. Re2 Rd6 20. Bg5 Kf8 21.
Rf1 Nf6 22. g3 a6 23. Kg2 Nd7 24. Bc1 Ba7 25. f4 f6 26. h4 Re8 27. h5 h6 28.
Ba2 c5 29. Be3 exf4 30. gxf4 Rxe4 31. Bb1 Re7 32. Rfe1 f5 33. Bxf5 Nf6 34. Kf3
Nd5 35. Rd2 Rd8 36. Be4 Red7 37. Red1 Nf6 38. Rxd7 Nxd7 39. Rd6 {1-0 (39)
Carlsen,M (2845)-Grischuk,A (2771) Shamkir 2019}) 17. Nb3 {[%emt 0:07:47]} Be7
{[%emt 0:11:38]} 18. f3 {[%emt 0:23:26]} b6 {[%emt 0:06:09]} 19. Be3 {[%emt 0:
06:57]} c5 {[%emt 0:02:40]} 20. Nd2 {[%emt 0:05:50]} f6 {[%emt 0:10:11]} 21. g3
{[%emt 0:13:02]} c4 {[%emt 0:10:10]} 22. Ba4 {[%emt 0:11:38]} Rab8 {[%emt 0:05:
56]} 23. axb6 {[%emt 0:08:57]} axb6 {[%emt 0:00:24]} 24. Bxe8 {[%emt 0:03:57]}
Rxe8 {[%emt 0:00:26]} 25. Ra6 {[%emt 0:01:28]} Red8 {[%emt 0:09:09]} 26. Nf1 {
[%emt 0:08:03]} Bh3 {[%emt 0:02:52]} 27. Nd2 {[%emt 0:02:20]} b5 {[%emt 0:05:
10]} 28. Kf2 {[%emt 0:01:02]} h5 {[%emt 0:04:29]} 29. f4 {[%emt 0:02:15]} b4 {
[%emt 0:03:32]} 30. fxe5 {[%emt 0:01:18]} bxc3 {[%emt 0:00:07]} 31. bxc3 {
[%emt 0:00:07]} Rb2 {[%emt 0:00:12]} 32. Re2 {[%emt 0:00:48]} Bg4 {[%emt 0:01:
15]} 33. Nf3 {[%emt 0:00:03]} Rxe2+ {[%emt 0:01:40]} 34. Kxe2 {[%emt 0:00:02]}
fxe5 {[%emt 0:00:10]} 35. h3 {[%emt 0:00:28]} Bxf3+ {[%emt 0:01:26]} 36. Kxf3 {
[%emt 0:00:01]} Rd3 {[%emt 0:00:06]} 37. Ke2 {[%emt 0:00:43]} Rxc3 {[%emt 0:00:
06]} 38. Re6 {[%emt 0:00:31]} Bf6 {[%emt 0:01:01]} 39. g4 {[%emt 0:00:55]} Rc2+
{[%emt 0:02:26]} 40. Kf3 {[%emt 0:00:27]} Rc3 {[%emt 0:01:19]} 41. Ke2 {
[%emt 0:31:00]} Rc2+ 42. Kf3 Kf7 {[%emt 0:31:41]} 43. Rc6 {[%emt 0:01:09]}
hxg4+ {[%emt 0:00:00]} 44. hxg4 {[%emt 0:00:00]} Rc3 {[%emt 0:00:00]} 45. Ke2 {
[%emt 0:00:00]} Rc2+ {[%emt 0:00:00]} 46. Kf3 {[%emt 0:00:00]} Bd8 {[%emt 0:00:
00]} 47. g5 {[%emt 0:00:00]} g6 {[%emt 0:00:00]} 48. Rd6 {[%emt 0:00:00]} Be7 {
[%emt 0:00:00]} 49. Rc6 {[%emt 0:00:00]} c3 {[%emt 0:00:00]} 50. Rc7 {[%emt 0:
00:00]} Ke8 {[%emt 0:00:00]} 51. Rc6 {[%emt 0:00:00]} Kf7 {[%emt 0:00:00]} 52.
Rc7 {[%emt 0:00:00]} Ke8 {[%emt 0:00:00]} 53. Rc6 {[%emt 0:00:00]} Kd7 {
[%emt 0:00:00]} 54. Rxg6 {[%emt 0:00:00]} Ra2 {[%emt 0:00:00]} 55. Rb6 {
[%emt 0:00:00]} c2 {[%emt 0:00:00]} 56. Rb7+ {[%emt 0:00:00]} Kc6 {[%emt 0:04:
55]} 57. Rxe7 {[%emt 0:00:00]} Ra3 {[%emt 0:00:03]} 58. Ke2 {[%emt 0:00:14]}
Rxe3+ {[%emt 0:00:03]} 59. Kd2 {[%emt 0:00:03]} Rxe4 {[%emt 0:00:05]} 60. Kxc2
{[%emt 0:00:05]} Kd6 {[%emt 0:00:14]} 61. Ra7 {[%emt 0:00:15]} Rg4 {[%emt 0:00:
08]} 62. g6 {[%emt 0:00:05]} Ke6 {[%emt 0:00:05]} 63. Kd3 {[%emt 0:00:05]} Kf6
{[%emt 0:00:08]} 64. g7 {[%emt 0:00:06]} Rg3+ {[%emt 0:00:05]} 65. Ke4 {
[%emt 0:00:06]} Rxg7 {[%emt 0:00:04]} 66. Rxg7 {[%emt 0:00:03]} Kxg7 {[%emt 0:
00:04]} 67. Kxe5 1/2-1/2

[Event "Tata Steel-B 77th"]
[Site "Wijk aan Zee"]
[Date "2015.01.10"]
[Round "1"]
[White "Van Kampen, Robin"]
[Black "Sevian, Samuel"]
[Result "1-0"]
[WhiteElo "2615"]
[BlackElo "2511"]
[Annotator "Sagar Shah"]
[PlyCount "117"]
[EventDate "2015.01.10"]
[EventType "tourn"]
[EventRounds "13"]
[EventCountry "NED"]
[EventCategory "13"]
[SourceTitle "CBM 165"]
[Source "ChessBase"]
[SourceDate "2015.03.11"]
[SourceVersion "1"]
[SourceVersionDate "2015.03.11"]
[SourceQuality "1"]

1. e4 e5 2. Nf3 Nc6 3. Bb5 Nf6 4. d3 Bc5 5. O-O Nd4 6. Nxd4 Bxd4 7. c3 Bb6 8.
Na3 c6 9. Ba4 O-O 10. Bg5 h6 11. Bh4 d6 (11... d5 {was seen in the high
profile game of Topalov vs Andreikin in March 2014.}) 12. Nc4 Bc7 13. Ne3 Be6
14. Bc2 d5 $6 {This seems like a dubious positional decision as now White gets
an excellent position with the help of a small positional trick.} 15. exd5 cxd5
16. d4 $1 {Black would have wanted to play e4 here but unfortunately it is not
possible and hence is left with an isolated d5 pawn.} exd4 (16... e4 17. f4 $1
{is a point of White's play.} exf3 18. Qxf3 $16) 17. Qxd4 {White is
positionally better because he has his pieces well placed and the d5 pawn is
weak.} Qd6 (17... g5 {would have only made matters worse.} 18. Bg3 $16) 18. Bg3
Qb6 19. Bxc7 Qxc7 20. Rad1 {Calm and simple play by Robin. He gangs up on the
d5 pawn.} Rfd8 21. Rfe1 b5 22. Bf5 $5 {A very interesting decision. Why would
White go out of his way to exchange the bad black bishop for his excellent one
on c2. Of course there are tactical justifications for this move.} Re8 (22...
Bxf5 23. Nxf5 $16 {The threat now is Nh6 and also infiltrating with Re7.}) 23.
Bd3 Rab8 24. Re2 a5 25. a3 Qb6 (25... b4 26. axb4 axb4 27. cxb4 Qb6 28. Qxb6
Rxb6 29. Nc2 $16) 26. Nc2 Qxd4 27. Nxd4 Bd7 (27... b4 {would have been
desirable but doesn't really work because of} 28. cxb4 axb4 29. Nc6 Rb6 30.
Nxb4 $16) 28. Rxe8+ Bxe8 29. b4 $1 {Fixing the b5 pawn.} a4 30. f3 Bd7 31. Kf2
Kf8 32. Ke3 Ke7 33. h4 Kd6 34. g4 g6 35. Rg1 Ne8 36. g5 h5 37. Re1 Nc7 38. f4
Rg8 (38... Ne6 39. Nxe6 Bxe6 40. Kd4 Bd7 41. Re5 Be6 42. Be2 $16 {It is only a
matter of time before White will find a way to breakthrough.}) 39. Kd2 Ne6 40.
Nxb5+ Bxb5 41. Bxb5 Nxf4 42. Re8 $1 {nicely calculated. White is just winning
this bishop vs knight endgame.} Rxe8 43. Bxe8 Ng2 44. Bxa4 $6 {Taking the f7
pawn would have won faster.} (44. Bxf7 Nxh4 45. Ke3 Ng2+ 46. Kf2 $18) 44...
Nxh4 45. Bd1 Nf5 46. a4 Kc6 (46... Ng7 {relocating the knight to e6 was the
best idea but White still manages to win.} 47. a5 $1 Ne6 48. a6 Kc6 (48... Nc7
49. a7 Kc6 50. Bf3 Kb7 51. c4 Kxa7 52. Bxd5 Nxd5 53. cxd5 $18) 49. Bf3 Kb6 (
49... Nc7 50. c4 Kb6 51. Bxd5 $1 Nxd5 52. cxd5 Kxa6 53. d6 Kb6 54. b5 $18) 50.
Bxd5 Kxa6 51. Bxe6 fxe6 52. c4 $18) 47. Bf3 Nd6 48. Kd3 h4 49. Kd4 Nf5+ 50. Ke5
Ne3 51. Kf6 Nc4 52. Bg2 Ne3 53. Bh1 Ng4+ 54. Kxf7 Nf2 55. Bf3 Nd3 56. Ke6 Nf4+
57. Ke5 Nd3+ 58. Kd4 Nf4 59. c4 1-0